| 000 | 00742nam a2200241 i 4500 | ||
|---|---|---|---|
| 001 | 6434 | ||
| 003 | ES-MaACL | ||
| 005 | 20230906144930.0 | ||
| 007 | t| | ||
| 008 | 891121s1989 sp ||||1| spa d | ||
| 020 | _a84-270-1312-4 | ||
| 080 | _a893.1-31"19" | ||
| 080 | _a893.1(Mahfuz,N.7 E.03=6) | ||
| 100 | 1 |
_aMahfuz, Naguib. _975531 |
|
| 245 | 1 | 0 |
_aEntre dos palacios / _cNaguib Mahfuz ; traduccion del arabe de Eugenia Galvez Vazquez... [et al.]. |
| 260 |
_aBarcelona : _bAlcor, _cD.L. 1989. |
||
| 300 |
_a342 p. ; _c24 cm. |
||
| 490 | 1 | _aLas otras culturas | |
| 700 | 1 |
_aGálvez Vázquez, Eugenia. _953729 |
|
| 830 | 0 |
_aLas otras culturas _9227811 |
|
| 852 |
_aES-MaACL _jL-13622 _bR.117160 _z. - rust. |
||
| 999 |
_c6434 _d6434 |
||